000 nam a22 a 4500
999 _c20447
_d20447
003 BLK
005 20230413120119.0
008 180413b bul|||||r ||||||| ||bul||
010 _aKNG00022670000
040 _aBLK
041 _aBUL
_cBUL
080 _aАвтоматизация
_b005.591.6
_x(035)
_z005.591.6(035)
080 _aИнформационни системи (в автоматичното управление)
_b681.518
_x(035)
_z681.518(035)
100 1 _aАйков, Стоян Ангелов
_eпърви автор
_929782
139 _aАйков, Стоян Ангелов
_bА 37
245 1 0 _aИкономическа информатика
_bРъководство : Ч. 1 -
_cСтоян Ангелов Айков.
_nЧ. 3
257 _aBGR
260 _aСофия
_bУнив. изд. Стопанство
_c1993
300 _c19 см
380 _a62
500 _aИзд. на УНСС - София ; Библиогр. с. 230
504 _a230
650 4 _aИкономическа информация - обработка на електронноизчислителни машини
_9248884
650 4 _aИнформационни системи, автоматизирани
_9264228
653 _aинформационни системи
653 _aикономическа информатика
760 1 _aАйков, Стоян Ангелов
_d1993
_h235 с. : със сх., 21 см
_tЧ. 3
852 _aЦб 173081
_bЦб
856 4 _qpdf
_u
_i0.00
_ldisable
856 4 _qpdf
_u
_i0.00
_ldisable
942 _cKNG
_n0
_s1
944 _aCR
_c16.03.2006
_kГеновева_Генчева
944 _aED
_c16.03.2006
999 _d20447